000 00374pab a2200145 454500
008 180718b1997 xxu||||| |||| 00| 0 eng d
100 _aSharma, Madan Pal
245 _aDeterminants of job satisfaction: situational or personal?
260 _c1997
300 _ap.1-10
650 _aJob satisfaction
700 _aSharma, Baldev R.
773 _aAbhigyan
909 _a37272
999 _c37272
_d37272